| 000 | 00534nam a22000977a 4500 | ||
|---|---|---|---|
| 008 | 180312b xxu||||| |||| 00| 0 eng d | ||
| 100 | _aChina (Republic of China). Directorate General of Posts | ||
| 245 | _aStamps tell the story of the Republic of China | ||
| 260 |
_aTaipei, Taiwan _bChina (Republic of China). Directorate General of Posts _c1975 |
||
| 650 | _aChina | China, Republic of | China, Republic of (Taiwan) (1950-) | Postal History | Educational Aspects of Collecting | Collateral Material | Commemorative Issues | Definitive Issues | ||
| 999 |
_c2665 _d2665 |
||